Supertramp : Which music from which album ? - Statistics

General Stats
  • This quiz has been taken 15 times
  • The average score is 38 of 45
Answer Stats
Question Tile Select % Correct
Crime Of The Century (1974) Fool's Ouverture No
100%
Crime Of The Century (1974) School Yes
100%
Even In The Quietest Moments (1977) Another Man's Woman No
93%
Breakfast In America (1979) A Soapbox Opera No
93%
Crisis ? What Crisis ? (1975) Asylum No
93%
Famous Last Words Asylum No
93%
Crisis ? What Crisis ? (1975) Babaji No
93%
Breakfast In America (1979) Babaji No
93%
Crisis ? What Crisis ? (1975) Child Of Vision No
93%
Breakfast In America (1979) Child Of Vision Yes
93%
Crime Of The Century (1974) Don't leave me now No
93%
Even In The Quietest Moments (1977) Fool's Ouverture Yes
93%
Breakfast In America (1979) From Now On No
93%
Even In The Quietest Moments (1977) Gone Hollywood No
93%
Breakfast In America (1979) Goodbye Stranger Yes
93%
Even In The Quietest Moments (1977) Hide In Your Shell No
93%
Famous Last Words It's Raining Again Yes
93%
Crime Of The Century (1974) Rudy Yes
93%
Famous Last Words Rudy No
93%
Breakfast In America (1979) School No
93%
Crime Of The Century (1974) Take The Long Way Home No
93%
Breakfast In America (1979) Take The Long Way Home Yes
93%
Crime Of The Century (1974) Two of us No
93%
Famous Last Words Ain't Anybody But Me No
86%
Even In The Quietest Moments (1977) Babaji Yes
86%
Crime Of The Century (1974) Bloody Well Right Yes
86%
Crisis ? What Crisis ? (1975) Bonnie No
86%
Even In The Quietest Moments (1977) C'est Le Bon No
86%
Even In The Quietest Moments (1977) From Now On Yes
86%
Even In The Quietest Moments (1977) Give A Little Bit Yes
86%
Famous Last Words My Kind Of Lady Yes
86%
Crisis ? What Crisis ? (1975) A Soapbox Opera Yes
79%
Famous Last Words Crazy Yes
79%
Breakfast In America (1979) Just Another Nervous Wreck Yes
79%
Famous Last Words Lady No
79%
Even In The Quietest Moments (1977) Lover Boy Yes
79%
Crisis ? What Crisis ? (1975) Sister Moonshine Yes
79%
Breakfast In America (1979) Casual Conversations Yes
71%
Crime Of The Century (1974) Dreamer Yes
71%
Crime Of The Century (1974) If Everyone Was Listening Yes
71%
Famous Last Words Know Who You Are Yes
71%
Crisis ? What Crisis ? (1975) Just A Normal Day Yes
64%
Crisis ? What Crisis ? (1975) Lady Yes
64%
Famous Last Words Waiting So Long Yes
64%
Crisis ? What Crisis ? (1975) Two of us Yes
57%
No matching quizzes found
Score Distribution
Percent of People with Each Score
Percentile by Number Answered
Your Score History
You have not taken this quiz